La cuestión agraria

Guardado en:
Bibliografiske detaljer
Hovedforfatter: Kautsky, Karl
Format: Texto
Udgivet: México D.F.: Editorial de Cultura Popular
Udgivelse:2
Tags: Tilføj Tag
Ingen Tags, Vær først til at tagge denne postø!

MARC

LEADER 00000 a a2200000 04500
001 24970
003
040 |a CRAI/IIS  |c CRAI/IIS 
090 |a 176600  
100 |a Kautsky, Karl  
245 |a La cuestión agraria  
250 |a 2  
260 |a México D.F.:   |b Editorial de Cultura Popular  
300 |a 501 p.   |b **no definido**  
999 |c 11506  |d 11506